| 000 | 00575nam a2200193 4500 | ||
|---|---|---|---|
| 001 | sa 68015854 | ||
| 003 | DLC | ||
| 005 | 20260227112648.0 | ||
| 008 | 700706s1966 ii c 100 0 eng | ||
| 010 | _asa 68015854 | ||
| 025 | _aPL480:I-E-10538 | ||
| 040 |
_aDLC _cDLC _dDLC |
||
| 050 | 0 | 0 |
_aTS200 _b.I66 1966l |
| 082 | 0 | 0 | _a671.2/062/1 |
| 111 | 2 |
_aInternational Foundry Congress, _b33d, _cDelhi, _d1966. |
|
| 245 | 0 | 0 | _aWho's who: participants, ladies, authors. |
| 260 |
_aNew Delhi, _bInternational Foundry Congress Secretariat _c[1966] |
||
| 300 |
_a51 p. _bports. _c24 cm. |
||
| 999 |
_c86731 _d86731 |
||